000
00336 a2200109 4500
001
ART_23941
005
20260410161933.0
008
260409a
245
1
0
_a
Ciencia y tecnología en el proceso de desarrollo
100
1
_a
Langoni, Carlos Geraldo
773
0
_t
Informe
_g
- Año VII, Nº 44 (abr./mayo 1975)
_w
REV23765
999
_c
28744
_d
28744